| 000 | 01752nam0a2200349 4500 | ||
|---|---|---|---|
| 001 | RU\NLR\bibl\572684 | ||
| 005 | 20260408195835.0 | ||
| 010 |
_a5-86712-037-6 _92000 |
||
| 035 | _a(NLR Aleph) 000564737 | ||
| 090 |
_a1554822 _c1554822 |
||
| 100 | _a20041110d1997 |||y0rusy50 ca | ||
| 101 | 0 | _arus | |
| 102 | _aRU | ||
| 105 | _aa ||||||||| | ||
| 200 | 1 |
_aЧерноморский флот, город Севастополь и некоторые проблемы российско-украинских отношений. Хроника, документы, анализ, мнения. (1991-1997 гг.) _e[Сб.] |
|
| 210 |
_aМ. _cНезависимая газета _d1997 |
||
| 215 |
_a63 с. _d27 |
||
| 601 | 0 | 2 |
_aЧерноморский флот России _jДокументы и материалы _92377336 _3RU\NLR\auth\661418610 |
| 607 |
_aРоссийская Федерация _xВзаимоотношения с Украиной _92166036 _3RU\NLR\auth\661303277 |
||
| 607 |
_aРоссийская Федерация _xВзаимоотношения _yУкраина _92233486 _3RU\NLR\auth\661340502 |
||
| 607 |
_aУкраина _xВзаимоотношения с Российской Федерацией _92166039 _3RU\NLR\auth\661303279 |
||
| 607 |
_aУкраина _xВзаимоотношения _yРоссийская Федерация _92233485 _3RU\NLR\auth\661340501 |
||
| 607 |
_aКрым _xМеждународное положение _3RU\NLR\auth\661409682 _92360630 |
||
| 686 | _aТ3(2)74-64(2Ук) | ||
| 686 | _aТ3(2Ук)74-64(2) | ||
| 686 | _aТ3(2Ук-4Крм)74 | ||
| 686 | _aЦ66,6(2)0-13,011 | ||
| 801 | 0 |
_aRU _bNLR _c20041110 _gPSBO |
|
| 801 | 1 |
_aRU _bNLR _c20041110 |
|
| 942 | _cBOOK | ||
| 980 | _aNB | ||